000 00558nam 22002053 4500
001 201091
010 _a972-45-1043-3
021 _aPT
_b124560/98
090 _a201091
100 _a20260309d u||y0pory50 ba
200 _aQuotidiano delirante
_fMiguelanxo Prado
210 _aLisboa
_cMeribérica/Liber
_dD.L. 1998
215 _a48 p.
_cil. ; brochado
_d29 cm
606 _91586
_aDesenho ArtĂ­stico
610 _aBanda Desenhada
675 _a74
_vPT
_zpor
700 _94498
_aPrado
_bMiguelanxo
_f1958-
801 _aPT
_bBMMN
_gRPC
830 _cIsabel
990 _cLIVROS